000 00477nam a2200133Ia 4500
008 151213s9999 xx 000 0 und d
100 _aWilliam D.Coplim & Michael K.O.Leary
245 _aPolitical Risk Service :The Hand Book of Country and Political Risk Analysis
_cWilliam D.Coplim & Michael K.O.Leary
260 _aUSA New York
_bPolitcal Risk Service
_c1994
300 _a2977 p.
650 _aReference
700 _aWilliam D.Coplim & Michael K.O.Leary
999 _c2064
_d2064